000 00620nam a2200229Ia 4500
005 20260320201827.0
008 008 262003s9999 xx 000 0 eng d
037 _aEBOOK
040 _aCRL
040 _beng
040 _cCRL
041 _2eng
041 _aeng
084 _qCRL
100 _aPlotnikovs
_91136050
245 0 _aData Management Strategy at Microsoft: Best practices from a tech giant's decade-long data transformation journey
260 _bIEEE
856 _uhttps://ieeexplore.ieee.org/servlet/opac?bknumber=10769272
942 _cEBOOK
999 _c1723757
_d1723757